[Event "Barcelona Sant Marti op 10th"]
[Site "Barcelona"]
[Date "2023.01.12"]
[Round "1"]
[White "Vigier Lopez, Carlos"]
[Black "Essakkal Martinez, Yassin"]
[Result "1-0"]
[WhiteElo "1698"]
[BlackElo "1700"]
[PlyCount "65"]
[EventDate "2023.01.12"]
[EventType "swiss"]
[EventRounds "9"]
[EventCountry "ESP"]
[SourceTitle "CBM 213 Extra"]
[Source "ChessBase"]
[SourceDate "2023.05.31"]
[SourceVersion "1"]
[SourceVersionDate "2023.05.31"]
[SourceQuality "1"]

1. e4 c6 2. d3 d5 3. Nd2 e5 4. Ngf3 Bd6 5. g3 Nf6 6. Bg2 0-0 7. 0-0 Re8 8. Re1 Nbd7 9. Nf1 h6 10. c3 Qc7 11. Bd2 a5 12. a4 Nf8 13. Qc2 Ng6 14. Ne3 dxe4 15. dxe4 Bc5 16. b4 Bxe3 17. Rxe3 b6 18. bxa5 bxa5 19. c4 c5 20. Rb1 Bd7 21. Ra3 Bc6 22. Ne1 Red8 23. Be3 Qe7 24. f3 Nd7 25. Nd3 Ngf8 26. Bh3 Ne6 27. Bxe6 fxe6 28. Qf2 Rf8 29. Bxc5 Nxc5 30. Qxc5 Qd7 31. Nxe5 Qd2 32. Nxc6 Rxf3 33. Rxf3 1-0

[Event "Barcelona Sant Marti op-B 22nd"]
[Site "Barcelona"]
[Date "2022.07.20"]
[Round "8"]
[White "Morais Carreras, Javier"]
[Black "Vigier Lopez, Carlos"]
[Result "1-0"]
[WhiteElo "1917"]
[BlackElo "1722"]
[PlyCount "93"]
[EventDate "2022.07.13"]
[EventType "swiss"]
[EventRounds "9"]
[EventCountry "ESP"]
[SourceTitle "CBM 210 Extra"]
[Source "ChessBase"]
[SourceDate "2022.11.30"]
[SourceVersion "1"]
[SourceVersionDate "2022.11.30"]
[SourceQuality "1"]

1. e4 e6 2. d3 d5 3. Nd2 Bc5 4. g3 Nf6 5. Bg2 dxe4 6. dxe4 Nc6 7. Ngf3 0-0 8. 0-0 e5 9. c3 Bg4 10. b4 Bd6 11. h3 Bh5 12. Qc2 Bxf3 13. Nxf3 a5 14. b5 Na7 15. c4 b6 16. Nh4 c6 17. a4 cxb5 18. axb5 Qc7 19. Bg5 Nxb5 20. Nf5 Nd4 21. Nxd4 exd4 22. Rad1 Rac8 23. Bxf6 gxf6 24. Rxd4 Be5 25. Rd5 Qxc4 26. Qd2 Qc2 27. Qe3 Rc5 28. Rd2 Qc3 29. Qh6 Bd4 30. Kh2 Rg5 31. Ra2 b5 32. e5 Rg6 33. Qh4 f5 34. Raa1 Bxe5 35. Rac1 Qa3 36. Rce1 Bf6 37. Qf4 Qc5 38. Rc1 Qe5 39. Qxe5 Bxe5 40. Rc5 Bb8 41. Rxb5 f4 42. Be4 fxg3+ 43. fxg3 Bxg3+ 44. Kh1 Rh6 45. Rg5+ Kh8 46. Rxg3 Re8 47. Rxf7 1-0

[Event "Barcelona Sant Marti op-B 22nd"]
[Site "Barcelona"]
[Date "2022.07.16"]
[Round "4"]
[White "Vigier Lopez, Carlos"]
[Black "Silva Cerda, Mark Valentin"]
[Result "1-0"]
[WhiteElo "1722"]
[BlackElo "1308"]
[PlyCount "127"]
[EventDate "2022.07.13"]
[EventType "swiss"]
[EventRounds "9"]
[EventCountry "ESP"]
[SourceTitle "CBM 210 Extra"]
[Source "ChessBase"]
[SourceDate "2022.11.30"]
[SourceVersion "1"]
[SourceVersionDate "2022.11.30"]
[SourceQuality "1"]

1. e4 c6 2. d3 d5 3. Nd2 e5 4. Ngf3 Bd6 5. g3 f5 6. exf5 Bxf5 7. Qe2 Nd7 8. b3 Ngf6 9. Bb2 0-0 10. Nh4 Be6 11. 0-0-0 a5 12. Re1 a4 13. d4 e4 14. f3 axb3 15. axb3 Ba3 16. Bg2 Qa5 17. fxe4 Bxb2+ 18. Kxb2 Qa2+ 19. Kc3 c5 20. dxc5 d4+ 21. Kxd4 Nxc5 22. Nc4 Rfd8+ 23. Kxc5 Bxc4 24. Qxc4+ Kh8 25. Bh3 Qa5+ 26. Qb5 Rdc8+ 27. Bxc8 Rxc8+ 28. Kd4 Qxb5 29. Rc1 Rd8+ 30. Ke3 Qc5+ 31. Kf3 Qc3+ 32. Kf4 g5+ 33. Kxg5 Nxe4+ 34. Kf4 Qf6+ 35. Kxe4 Re8+ 36. Kd3 Qd6+ 37. Kc3 Qe5+ 38. Kb4 Qd6+ 39. Kc3 Re3+ 40. Kb2 b5 41. Kb1 Qd7 42. Rcd1 Qc8 43. Rhf1 Re2 44. Rc1 Rxh2 45. Nf5 Re2 46. g4 b4 47. Rf4 Qb8 48. Rcf1 Qc7 49. Rc4 Qb7 50. Nd6 Qg2 51. Rc8+ Kg7 52. Rf7+ Kh6 53. Nf5+ Kg6 54. Nh4+ Kxf7 55. Nxg2 Rxg2 56. Rc4 Kg6 57. Rxb4 Kg5 58. Rd4 Rh2 59. b4 Rh4 60. b5 h5 61. Rd5+ Kxg4 62. Rd4+ Kg3 63. Rxh4 Kxh4 64. b6 1-0

[Event "Barcelona La Lira op 38th"]
[Site "Barcelona"]
[Date "2020.02.28"]
[Round "7"]
[White "Vigier Lopez, Carlos"]
[Black "Sanchez Coves, Juan Josep"]
[Result "1-0"]
[WhiteElo "1720"]
[BlackElo "1509"]
[PlyCount "49"]
[EventDate "2020.01.17"]
[EventType "swiss"]
[EventRounds "8"]
[EventCountry "ESP"]
[SourceTitle "CBM 195 Extra"]
[Source "ChessBase"]
[SourceDate "2020.05.31"]
[SourceVersion "1"]
[SourceVersionDate "2020.05.31"]
[SourceQuality "1"]

1. e4 d6 2. d4 Nf6 3. Bd3 g6 4. Nf3 Nbd7 5. 0-0 Bg7 6. c4 0-0 7. Nc3 e5 8. d5 Nc5 9. Bc2 Ne8 10. Be3 b6 11. b4 Nb7 12. Qd2 f5 13. Bg5 Bf6 14. Bxf6 Qxf6 15. exf5 Bxf5 16. Bxf5 Qxf5 17. Rae1 Nf6 18. Ng5 a6 19. Ne6 Rf7 20. Re3 Qg4 21. Rg3 Qxc4 22. Qh6 Ng4 23. Qh3 Nf6 24. Ng5 Rg7 25. Qe6+ 1-0

[Event "Barcelona La Lira op 37th"]
[Site "Barcelona"]
[Date "2019.03.08"]
[Round "8"]
[White "Vallbona Domingo, Joan"]
[Black "Vigier Lopez, Carlos"]
[Result "1-0"]
[WhiteElo "1886"]
[BlackElo "1690"]
[PlyCount "123"]
[EventDate "2019.01.18"]
[EventType "swiss"]
[EventRounds "8"]
[EventCountry "ESP"]
[SourceTitle "CBM 189 Extra"]
[Source "ChessBase"]
[SourceDate "2019.06.03"]
[SourceVersion "1"]
[SourceVersionDate "2019.06.03"]
[SourceQuality "1"]

1. c4 e6 2. Nc3 Nf6 3. e4 Bb4 4. e5 Bxc3 5. dxc3 Ng8 6. Qg4 Kf8 7. Nf3 h5 8. Qe4 d5 9. Qc2 Ne7 10. Bg5 c6 11. 0-0-0 Qa5 12. Qb3 Nd7 13. Bd3 Nc5 14. Qb4 Nxd3+ 15. Rxd3 Qxb4 16. cxb4 f6 17. exf6 gxf6 18. Bxf6 Rg8 19. g3 Kf7 20. Bxe7 Kxe7 21. cxd5 exd5 22. h4 Bf5 23. Re3+ Kd6 24. Rhe1 Rg4 25. a3 Rf8 26. Ng5 Rc4+ 27. Rc3 Rd4 28. f4 b6 29. Nf3 Rd3 30. Rxd3 Bxd3 31. Re5 Rg8 32. Rg5 Rxg5 33. hxg5 c5 34. Ne5 Bf5 35. Kd2 d4 36. g6 Ke7 37. g7 Be6 38. bxc5 bxc5 39. b4 cxb4 40. axb4 Kf6 41. Nc6 Kxg7 42. Nxa7 Bc4 43. Nc6 d3 44. Ne5 Bb5 45. Nxd3 Kf6 46. Ke3 Kf5 47. Ne5 Be8 48. Nf3 Kg4 49. Kf2 Kf5 50. b5 Bxb5 51. Nd4+ Kg4 52. Nxb5 h4 53. gxh4 Kxf4 54. Nd4 Kg4 55. Nf3 Kh5 56. Kg3 Kh6 57. Kg4 Kh7 58. Kg5 Kg8 59. Kg6 Kh8 60. Ng5 Kg8 61. Nf7 Kf8 62. h5 1-0

[Event "Foment Martinenc op-A 20th"]
[Site "Barcelona"]
[Date "2018.06.16"]
[Round "9"]
[White "Vigier Lopez, Carlos"]
[Black "Aguadero Casado, Jorge Ignacio"]
[Result "1-0"]
[WhiteElo "1843"]
[BlackElo "1659"]
[PlyCount "129"]
[EventDate "2018.04.21"]
[EventType "swiss"]
[EventRounds "9"]
[EventCountry "ESP"]
[SourceTitle "CBM 184 Extra"]
[Source "ChessBase"]
[SourceDate "2018.06.28"]
[SourceVersion "1"]
[SourceVersionDate "2018.06.28"]
[SourceQuality "1"]

1. e4 c6 2. d3 d5 3. Nd2 dxe4 4. dxe4 Nd7 5. Ngf3 Ngf6 6. Bc4 e6 7. 0-0 Be7 8. Re1 0-0 9. e5 Nd5 10. Ne4 b6 11. Bg5 Bxg5 12. Nexg5 Bb7 13. Qd3 g6 14. Qd2 Nc5 15. Ne4 Nxe4 16. Rxe4 f5 17. exf6 Qxf6 18. Rae1 Rae8 19. Ne5 Re7 20. Ng4 Qxb2 21. Rxe6 Rxe6 22. Rxe6 Qa1+ 23. Re1 Qg7 24. h3 a5 25. Qg5 b5 26. Bxd5+ cxd5 27. Re7 Qa1+ 28. Kh2 Bc6 29. Nh6+ Kh8 30. Nf7+ Kg8 31. Ne5 Be8 32. Qh6 Bf7 33. Nxf7 Qf6 34. Rb7 Rxf7 35. Rb8+ Rf8 36. Rb7 Rf7 37. Rb8+ Rf8 38. Rxf8+ Qxf8 39. Qe3 Qd6+ 40. Kg1 Kf7 41. Qd3 b4 42. Qb5 Qd8 43. Qb7+ Kg8 44. Kf1 d4 45. Qe4 Kf7 46. Ke2 Qc7 47. Qd5+ Ke7 48. Qe4+ Kf7 49. Qd3 Qe5+ 50. Kd1 Qd5 51. Qb3 Ke6 52. Kd2 Ke5 53. Qxd5+ Kxd5 54. Kd3 Kc5 55. f4 Kd5 56. g4 h6 57. f5 gxf5 58. gxf5 Ke5 59. Kc4 Kxf5 60. Kb5 Ke4 61. Kxa5 Ke3 62. Kxb4 Kd2 63. Kb3 d3 64. cxd3 Kxd3 65. Kb4 1-0

[Event "Barcelona Primavera La Lira op 11th"]
[Site "Barcelona"]
[Date "2018.06.07"]
[Round "9"]
[White "Vigier Lopez, Carlos"]
[Black "Gonzalez Muelas, Marco Antonio"]
[Result "1/2-1/2"]
[WhiteElo "1843"]
[BlackElo "1666"]
[PlyCount "111"]
[EventDate "2018.04.12"]
[EventType "swiss"]
[EventRounds "9"]
[EventCountry "ESP"]
[SourceTitle "CBM 184 Extra"]
[Source "ChessBase"]
[SourceDate "2018.06.28"]
[SourceVersion "1"]
[SourceVersionDate "2018.06.28"]
[SourceQuality "1"]

1. e4 c5 2. Nf3 d6 3. d3 Nf6 4. c3 e6 5. g3 a6 6. Bg2 Qc7 7. 0-0 b5 8. Nbd2 Bb7 9. Re1 Nbd7 10. Qe2 Be7 11. d4 cxd4 12. cxd4 0-0 13. e5 dxe5 14. dxe5 Nd5 15. Nf1 Nb4 16. Bf4 Rac8 17. Rac1 Qb8 18. a3 Nd5 19. Bg5 Rxc1 20. Bxc1 h6 21. h4 b4 22. N1h2 bxa3 23. bxa3 Rc8 24. Ng4 Nf8 25. Qd2 Qa8 26. Ngh2 Nc3 27. Bb2 Nb5 28. a4 Na3 29. Qd3 Nc2 30. Re2 Nb4 31. Qb3 Bd5 32. Qd1 Qb8 33. Ba3 Na2 34. Rb2 Qa8 35. Rxa2 Bxa2 36. Bxe7 Bd5 37. Ne1 Bxg2 38. Nxg2 Rc4 39. Ne3 Rc3 40. Bb4 Rc6 41. Qf3 Qc8 42. h5 Rc1+ 43. Kg2 Ra1 44. a5 Qc1 45. Nhf1 Qc8 46. Kh2 Nh7 47. Qe2 Ng5 48. Qb2 Rc1 49. Nd2 Qc6 50. Nef1 Rxf1 51. Nxf1 Nf3+ 52. Kh3 Ng1+ 53. Kh2 Nf3+ 54. Kh3 Ng1+ 55. Kh2 Nf3+ 56. Kh3 1/2-1/2

[Event "Barcelona Primavera La Lira op 11th"]
[Site "Barcelona"]
[Date "2018.05.10"]
[Round "5"]
[White "Vigier Lopez, Carlos"]
[Black "Codina Blasco, Joan"]
[Result "1-0"]
[WhiteElo "1843"]
[BlackElo "1684"]
[PlyCount "73"]
[EventDate "2018.04.12"]
[EventType "swiss"]
[EventRounds "9"]
[EventCountry "ESP"]
[SourceTitle "CBM 184 Extra"]
[Source "ChessBase"]
[SourceDate "2018.06.28"]
[SourceVersion "1"]
[SourceVersionDate "2018.06.28"]
[SourceQuality "1"]

1. e4 e6 2. d3 d5 3. Nd2 c5 4. Ngf3 Nc6 5. g3 Nf6 6. Bg2 Bd6 7. Qe2 Qc7 8. 0-0 b6 9. Re1 Ba6 10. e5 Bxe5 11. Nxe5 Nb4 12. Ndf3 c4 13. Bf4 Nh5 14. Qd2 Nxf4 15. Qxb4 Nxg2 16. Kxg2 Bb7 17. dxc4 f6 18. Ng4 Kf7 19. cxd5 Bxd5 20. Ne3 Bb7 21. Qc4 Qe7 22. Nf5 Bxf3+ 23. Kxf3 Qb7+ 24. Ke2 Rhc8 25. Nd6+ Ke7 26. Nxc8+ Rxc8 27. Qd3 Rd8 28. Qa3+ Kf7 29. Qe3 Rd5 30. f4 e5 31. Qb3 Kg6 32. f5+ Kh6 33. Rad1 Qa6+ 34. Kf2 Rc5 35. Re4 g5 36. fxg6 Kxg6 37. Qg8+ 1-0

[Event "Barcelona Sant Marti op-B 15th"]
[Site "Barcelona"]
[Date "2013.07.20"]
[Round "8"]
[White "Vigier Lopez, Carlos"]
[Black "Ayats Llobera, Gerard"]
[Result "0-1"]
[WhiteElo "1830"]
[BlackElo "1708"]
[PlyCount "68"]
[EventDate "2013.07.13"]
[EventType "swiss"]
[EventRounds "9"]
[EventCountry "ESP"]
[SourceTitle "CBM 155 Extra"]
[Source "ChessBase"]
[SourceDate "2013.08.26"]
[SourceVersion "1"]
[SourceVersionDate "2013.08.26"]
[SourceQuality "1"]

1. e4 c5 2. d3 Nc6 3. Nf3 g6 4. g3 Bg7 5. Bg2 d6 6. 0-0 Bg4 7. h3 Bd7 8. Re1 e6 9. c3 Qb6 10. Qe2 Nge7 11. Nbd2 0-0 12. Nc4 Qc7 13. Bf4 e5 14. Bg5 f6 15. Be3 b5 16. Ncd2 f5 17. exf5 gxf5 18. Ng5 h6 19. Qh5 hxg5 20. Bxg5 Be8 21. Qe2 Rc8 22. f4 Bf6 23. Bh6 Rf7 24. g4 Rh7 25. fxe5 dxe5 26. g5 Bg7 27. Bxg7 Rxg7 28. h4 Ng6 29. Bd5+ Bf7 30. Nf3 e4 31. Nh2 Qg3+ 32. Kh1 Qxd3 33. Qh5 Nce5 34. Rad1 Qg3 0-1

[Event "Barcelona Sant Marti op-B 15th"]
[Site "Barcelona"]
[Date "2013.07.18"]
[Round "6"]
[White "Vigier Lopez, Carlos"]
[Black "Argemi Camp, Jaume"]
[Result "0-1"]
[WhiteElo "1830"]
[BlackElo "1639"]
[PlyCount "102"]
[EventDate "2013.07.13"]
[EventType "swiss"]
[EventRounds "9"]
[EventCountry "ESP"]
[SourceTitle "CBM 155 Extra"]
[Source "ChessBase"]
[SourceDate "2013.08.26"]
[SourceVersion "1"]
[SourceVersionDate "2013.08.26"]
[SourceQuality "1"]

1. e4 e5 2. Nf3 d6 3. Bc4 g6 4. 0-0 Bg7 5. d4 exd4 6. Ng5 Nh6 7. c3 dxc3 8. Qb3 0-0 9. Nxc3 Nd7 10. f4 c6 11. f5 Qb6+ 12. Kh1 Qxb3 13. Bxb3 Nc5 14. fxg6 hxg6 15. Bc2 Ne6 16. Bd2 Ng4 17. Rad1 Bd4 18. Nh3 Be3 19. Be1 Bd4 20. Rf3 Be5 21. Bg3 Nd4 22. Bxe5 dxe5 23. Rxd4 exd4 24. Ne2 Ne5 25. Rg3 d3 26. Bxd3 Nxd3 27. Rxd3 Bxh3 28. Rxh3 Rad8 29. Rb3 b6 30. Kg1 Rfe8 31. Rb4 f5 32. Ng3 fxe4 33. Nxe4 Kg7 34. Kf2 c5 35. Ra4 Rd7 36. Kf3 Ree7 37. Ra3 Rd1 38. Re3 Rd5 39. g4 g5 40. Ra3 Kg6 41. Re3 Rde5 42. Re2 Rf7+ 43. Kg3 Rd7 44. Re3 c4 45. Kf3 b5 46. h3 Ree7 47. Re2 Rf7+ 48. Kg2 Rde7 49. Nc3 Rxe2+ 50. Nxe2 Rd7 51. Kf3 Rd2 0-1

[Event "Barcelona Primavera La Lira op 5th"]
[Site "Barcelona"]
[Date "2012.06.07"]
[Round "8"]
[White "Parayre Soguero, Jordi"]
[Black "Vigier Lopez, Carlos"]
[Result "1-0"]
[WhiteElo "1982"]
[BlackElo "1823"]
[PlyCount "137"]
[EventDate "2012.04.19"]
[EventType "swiss"]
[EventRounds "9"]
[EventCountry "ESP"]
[SourceTitle "CBM 148 Extra"]
[Source "ChessBase"]
[SourceDate "2012.06.22"]
[SourceVersion "1"]
[SourceVersionDate "2012.06.22"]
[SourceQuality "1"]

1. d4 Nf6 2. c4 e6 3. Nf3 d5 4. Nc3 Bb4 5. Bg5 h6 6. Bxf6 Qxf6 7. Qa4+ Nc6 8. Ne5 Bd7 9. Nxc6 Bxc3+ 10. bxc3 Bxc6 11. Qb4 dxc4 12. e3 Rd8 13. Bxc4 a6 14. f3 Qg5 15. Kf2 Rd6 16. Rhd1 0-0 17. e4 Rfd8 18. e5 R6d7 19. Qc5 Qf4 20. h3 Ba4 21. Bb3 b6 22. Qb4 Bc6 23. Bc4 Bb7 24. Be2 b5 25. a4 c6 26. g3 Qg5 27. f4 Qe7 28. Qxe7 Rxe7 29. Bf3 Ra8 30. Ke3 Kf8 31. Rd2 Ke8 32. Rda2 Kd8 33. axb5 cxb5 34. Bxb7 Rxb7 35. Rxa6 Rxa6 36. Rxa6 Kc7 37. Kd3 Kb8 38. Kc2 Kc7 39. Kb3 Kd7 40. Kb4 Kc7 41. g4 Kd7 42. h4 Kc7 43. f5 exf5 44. gxf5 Kd7 45. d5 Rc7 46. Rd6+ Ke8 47. e6 Rc4+ 48. Kxb5 Rxh4 49. exf7+ Kxf7 50. c4 Rh1 51. Re6 h5 52. c5 h4 53. d6 Rd1 54. Re4 h3 55. Rh4 Rd3 56. Kc6 Kf6 57. d7 Ke7 58. Re4+ Kf6 59. Kc7 Kxf5 60. Rh4 g5 61. Rxh3 Rxh3 62. d8Q Rh7+ 63. Kd6 Rh6+ 64. Kd5 g4 65. c6 Rh3 66. Qf8+ Kg5 67. c7 Rf3 68. Qg7+ Kh4 69. c8Q 1-0

[Event "Barcelona Primavera La Lira op 5th"]
[Site "Barcelona"]
[Date "2012.05.17"]
[Round "5"]
[White "Vigier Lopez, Carlos"]
[Black "Lampurlanes Farre, Isaac"]
[Result "1-0"]
[WhiteElo "1823"]
[BlackElo "1710"]
[PlyCount "111"]
[EventDate "2012.04.19"]
[EventType "swiss"]
[EventRounds "9"]
[EventCountry "ESP"]
[SourceTitle "CBM 148 Extra"]
[Source "ChessBase"]
[SourceDate "2012.06.22"]
[SourceVersion "1"]
[SourceVersionDate "2012.06.22"]
[SourceQuality "1"]

1. e4 c6 2. d3 d5 3. Nd2 dxe4 4. dxe4 Nf6 5. Ngf3 Bg4 6. Be2 e6 7. 0-0 Nbd7 8. e5 Nd5 9. Re1 Qc7 10. Nc4 N7b6 11. Nd6+ Bxd6 12. exd6 Qxd6 13. c4 Bxf3 14. Bxf3 Nxc4 15. Qd4 Ncb6 16. Qxg7 Qf8 17. Qe5 Nd7 18. Qd4 0-0-0 19. Bxd5 exd5 20. Qxa7 Qc5 21. Qa8+ Kc7 22. Bf4+ Kb6 23. Qa4 Qa5 24. Qxa5+ Kxa5 25. Bc7+ b6 26. Bxd8 Rxd8 27. Re7 c5 28. Rxf7 Ne5 29. Rxh7 d4 30. Rd1 d3 31. b3 Kb4 32. Re7 Nc6 33. Re4+ Ka3 34. Rd2 Nb4 35. f4 b5 36. Kf2 Nxa2 37. Re5 Nc1 38. Ke3 c4 39. bxc4 bxc4 40. Ra5+ Kb4 41. Ra1 Nb3 42. Rb1 Kc3 43. Rdd1 d2 44. f5 Kc2 45. g4 Nc1 46. Rxd2+ Rxd2 47. Rb8 Rxh2 48. f6 Rh7 49. g5 Rf7 50. Rb6 Rf8 51. g6 Re8+ 52. Kd4 Ne2+ 53. Kxc4 Nf4 54. f7 Re4+ 55. Kb5 Re5+ 56. Ka6 1-0

[Event "Barcelona Primavera La Lira op 5th"]
[Site "Barcelona"]
[Date "2012.05.10"]
[Round "4"]
[White "Vigier Lopez, Carlos"]
[Black "Flores Linan, Josep Luis"]
[Result "0-1"]
[WhiteElo "1823"]
[BlackElo "1918"]
[PlyCount "124"]
[EventDate "2012.04.19"]
[EventType "swiss"]
[EventRounds "9"]
[EventCountry "ESP"]
[SourceTitle "CBM 148 Extra"]
[Source "ChessBase"]
[SourceDate "2012.06.22"]
[SourceVersion "1"]
[SourceVersionDate "2012.06.22"]
[SourceQuality "1"]

1. e4 c5 2. Nf3 d6 3. d3 Nc6 4. g3 g6 5. Bg2 Bg7 6. 0-0 Bg4 7. h3 Be6 8. c3 Nf6 9. Re1 0-0 10. Nbd2 Qc7 11. Nf1 Rad8 12. Qe2 Ne5 13. N1h2 Qd7 14. Ng5 h6 15. Nxe6 Qxe6 16. f4 Nc6 17. Nf3 Qd7 18. Be3 e6 19. Bf2 Qe7 20. g4 Nh7 21. Qe3 e5 22. f5 g5 23. Rad1 Rfe8 24. Qe2 a6 25. Nd2 b5 26. Nf1 Nf6 27. Ne3 Qc7 28. Nc2 Ne7 29. d4 exd4 30. cxd4 c4 31. Bg3 Qb6 32. Kh1 Nc6 33. Qf3 d5 34. e5 Ne4 35. f6 Bf8 36. Bh2 Nb4 37. Nxb4 Bxb4 38. Re2 c3 39. Qd3 cxb2 40. Rxb2 Bc3 41. Rc2 b4 42. Bg1 Qc6 43. Re2 Rd7 44. Bxe4 dxe4 45. Qxe4 Qe6 46. Rd3 Red8 47. Bf2 Qc4 48. e6 fxe6 49. Qxe6+ Qxe6 50. Rxe6 Rd6 51. Re4 Kf7 52. Bg3 Rxd4 53. Rde3 Rd1+ 54. Kg2 R8d2+ 55. Re2 Rxe2+ 56. Rxe2 Rd2 57. Kf3 Rxe2 58. Kxe2 Kxf6 59. Kd3 Ke6 60. Kc4 a5 61. Kb5 Kd5 62. Kxa5 b3+ 0-1

[Event "Barcelona La Lira op 30th"]
[Site "Barcelona"]
[Date "2012.03.09"]
[Round "8"]
[White "Ramon Serrano, Francisco Javier"]
[Black "Vigier Lopez, Carlos"]
[Result "0-1"]
[WhiteElo "2100"]
[BlackElo "1823"]
[PlyCount "96"]
[EventDate "2012.01.20"]
[EventType "swiss"]
[EventRounds "8"]
[EventCountry "ESP"]
[SourceTitle "EXT 2013"]
[Source "ChessBase"]
[SourceDate "2012.11.22"]
[SourceVersion "1"]
[SourceVersionDate "2012.11.22"]
[SourceQuality "1"]

1. d4 Nf6 2. Bg5 e6 3. Nf3 c5 4. c3 cxd4 5. Nxd4 Nc6 6. Nxc6 bxc6 7. Nd2 Be7 8. g3 Qb6 9. Bxf6 Bxf6 10. Nc4 Qc7 11. Nd6+ Ke7 12. Ne4 Rb8 13. Nxf6 gxf6 14. b3 Bb7 15. Bg2 c5 16. Bxb7 Rxb7 17. 0-0 h5 18. h4 Qe5 19. c4 Rg8 20. Qd3 Rg4 21. f4 Qd4+ 22. Qxd4 cxd4 23. Rf3 Rb6 24. Kf2 e5 25. fxe5 fxe5 26. c5 Rc6 27. Rc1 Ke6 28. b4 e4 29. Ra3 e3+ 30. Kg2 a6 31. Rf1 f5 32. Rd3 Ke5 33. Rf3 Rcg6 34. Kh2 Rf6 35. b5 axb5 36. Rb3 f4 37. Rxb5 fxg3+ 38. Rxg3 Rf2+ 39. Kh3 Kf4 40. Rf3+ Rxf3+ 41. exf3 Kxf3 42. c6 dxc6 43. Rxh5 Rg3+ 44. Kh2 Rg2+ 45. Kh3 Rxa2 46. Rf5+ Ke4 47. Rf8 e2 48. h5 Ra1 0-1

[Event "Barcelona Sant Marti op-B 13th"]
[Site "Barcelona"]
[Date "2011.07.18"]
[Round "6.6"]
[White "Morais Carreras, Javier"]
[Black "Vigier Lopez, Carlos"]
[Result "1-0"]
[WhiteElo "1957"]
[BlackElo "1783"]
[PlyCount "105"]
[EventDate "2011.07.13"]
[EventType "swiss"]
[EventRounds "9"]
[EventCountry "ESP"]
[SourceTitle "EXT 2024"]
[Source "ChessBase"]
[SourceDate "2023.10.10"]
[SourceVersion "1"]
[SourceVersionDate "2023.10.10"]
[SourceQuality "1"]

1. e4 c6 2. Nc3 d5 3. Nf3 dxe4 4. Nxe4 Nf6 5. Nxf6+ exf6 6. d4 Bd6 7. Bd3 0-0 8. 0-0 Bg4 9. h3 Bh5 10. Re1 Bc7 11. c3 Qd6 12. g3 Qd7 13. Kg2 Rd8 14. Qc2 Bxf3+ 15. Kxf3 Qxh3 16. Be3 Qh5+ 17. Kg2 g6 18. Rh1 Qd5+ 19. Be4 Qe6 20. Rh4 Nd7 21. Rah1 Nf8 22. Bh6 f5 23. Bf3 Nd7 24. Bg5 f6 25. Bd2 Nf8 26. Re1 Qf7 27. b3 Re8 28. Reh1 Rad8 29. c4 Bb6 30. d5 Qc7 31. dxc6 bxc6 32. Bh6 Ne6 33. Bf4 Nxf4+ 34. Rxf4 Rd7 35. c5 Ba5 36. b4 Bxb4 37. Rxb4 Red8 38. Qc4+ Kh8 39. Qe6 Qe5 40. Re1 Qc3 41. Rb3 Qxc5 42. Qxf6+ Kg8 43. Qe6+ Kh8 44. Qxc6 Qxc6 45. Bxc6 Rc7 46. Bf3 Rc2 47. Re2 Rxe2 48. Bxe2 Rd2 49. Bc4 Rc2 50. Rb8+ Kg7 51. Rb7+ Kh6 52. Bb3 Rd2 53. Rxa7 1-0

[Event "Barcelona Sant Marti op-B 13th"]
[Site "Barcelona"]
[Date "2011.07.15"]
[Round "3.6"]
[White "Poyato Plaza, Daniel"]
[Black "Vigier Lopez, Carlos"]
[Result "1/2-1/2"]
[WhiteElo "1928"]
[BlackElo "1783"]
[PlyCount "54"]
[EventDate "2011.07.13"]
[EventType "swiss"]
[EventRounds "9"]
[EventCountry "ESP"]
[SourceTitle "EXT 2024"]
[Source "ChessBase"]
[SourceDate "2023.10.10"]
[SourceVersion "1"]
[SourceVersionDate "2023.10.10"]
[SourceQuality "1"]

1. d4 Nf6 2. c4 g6 3. Nc3 Bg7 4. e4 d6 5. Be2 0-0 6. Nf3 e5 7. dxe5 dxe5 8. Qxd8 Rxd8 9. Bg5 c6 10. 0-0 Re8 11. Rfd1 b6 12. Bxf6 Bxf6 13. Rd2 Be6 14. Rad1 Na6 15. a3 Nc5 16. b4 Nb3 17. Rb2 Nd4 18. c5 Rad8 19. h3 Rd7 20. Rbd2 Red8 21. Kf1 Kf8 22. a4 Ke8 23. b5 Nxe2 24. Kxe2 Rxd2+ 25. Rxd2 Rxd2+ 26. Kxd2 Kd7 27. Kd3 Bg7 1/2-1/2

[Event "Barcelona La Lira op 29th"]
[Site "Barcelona"]
[Date "2011.02.04"]
[Round "4"]
[White "Colom Andres, Xavier"]
[Black "Vigier Lopez, Carlos"]
[Result "0-1"]
[WhiteElo "1966"]
[BlackElo "1709"]
[PlyCount "68"]
[EventDate "2011.01.14"]
[EventType "swiss"]
[EventRounds "7"]
[EventCountry "ESP"]
[SourceTitle "EXT 2012"]
[Source "ChessBase"]
[SourceDate "2011.11.24"]
[SourceVersion "1"]
[SourceVersionDate "2011.11.24"]
[SourceQuality "1"]

1. d4 Nf6 2. c4 g6 3. Nc3 Bg7 4. e4 d6 5. h3 0-0 6. Nf3 Nfd7 7. Bd3 c5 8. d5 Ne5 9. Nxe5 dxe5 10. Bg5 f5 11. Qd2 f4 12. f3 a6 13. Be2 Qd6 14. Bh4 Nd7 15. a3 Nf6 16. Rb1 Bd7 17. 0-0 Nh5 18. Kh2 Bh6 19. Bf2 Ng3 20. Rfd1 Rab8 21. b4 b6 22. Rb2 Bg5 23. Kg1 Bh4 24. Rdb1 Nxe2+ 25. Qxe2 Bxf2+ 26. Qxf2 Rfc8 27. a4 cxb4 28. Rxb4 Qc5 29. Nd1 a5 30. Rxb6 Rxb6 31. Rxb6 Qxc4 32. Nb2 Qc1+ 33. Qf1 Qe3+ 34. Qf2 Rc1+ 0-1

[Event "Barcelona Sant Marti op 05th"]
[Site "Barcelona"]
[Date "2003.06.14"]
[Round "8.36"]
[White "Vigier Lopez, Carlos"]
[Black "Bermejo, Roberto"]
[Result "1-0"]
[WhiteElo "1775"]
[BlackElo "1700"]
[PlyCount "105"]
[EventDate "2003.04.26"]
[EventType "swiss"]
[EventRounds "9"]
[EventCountry "ESP"]
[SourceTitle "EXT 2004"]
[Source "ChessBase"]
[SourceDate "2003.11.25"]
[SourceVersion "1"]
[SourceVersionDate "2003.11.25"]
[SourceQuality "1"]

1. d4 g6 2. Nc3 Bg7 3. e4 Nc6 4. e5 e6 5. Bd3 Nxd4 6. Bf4 d6 7. Bxg6 hxg6 8. Qxd4 dxe5 9. Qxd8+ Kxd8 10. 0-0-0+ Bd7 11. Be3 Bh6 12. Ne4 Bxe3+ 13. fxe3 b6 14. Ng5 Nh6 15. N1f3 f6 16. Ne4 Ke7 17. h3 Rad8 18. Rdf1 Bc6 19. Nxf6 Kxf6 20. Nd4+ Ke7 21. Nxc6+ Ke8 22. Nxd8 Kxd8 23. Rf6 Ke7 24. Rxg6 Nf5 25. e4 Nd6 26. Re1 Rf8 27. Rg4 a5 28. h4 Nf7 29. Rg3 Rh8 30. Rh3 c5 31. g4 Nh6 32. g5 Ng8 33. Rf1 Kd6 34. Rf8 b5 35. h5 Ke7 36. Rb8 b4 37. Rb5 Kd6 38. Rxa5 Ne7 39. Rd3+ Nd5 40. exd5 exd5 41. h6 Rc8 42. Ra6+ Rc6 43. Rxc6+ Kxc6 44. h7 e4 45. Rh3 d4 46. h8Q Kd5 47. c4+ bxc3 48. bxc3 d3 49. Kd2 Kc4 50. Qg8+ Kb5 51. Qb3+ Kc6 52. Rh6+ Kc7 53. Qf7+ 1-0